000 01027nam a22002177a 4500
005 20250827150115.0
008 240903b ||||| |||| 00| 0 eng d
082 _aDPer 796. 07 J826 July-October 2019 January-April 2020 v. 38, 39 n. 3-4, 1-2
100 _aCapella-Peris, Carlos.
_eauthor.
_959904
245 _aInnovative analysis of service-learning effects in physical education :
_ba mixed-methods approach /
_cCarlos Capella-Peris, Jesus Gil-Gomez, and Oscar Chiva-Bartoll.
260 _aChampaign, Illinois ;
_bHuman Kinetics, Inc. ,
_cJanuary 2020.
300 _aVolume 39, pages 102-110 :
_billustration ;
_c28 cm.
500 _aJournal of Teaching in Physical Education, vol. 39, no. 1, pages 102-110, January 2020.
650 0 _aBiographies.
_967090
650 0 _aForeign countries.
_967089
650 0 _aOutcomes of education.
_964911
700 _aCapella-Peris, Carlos.
_eauthor.
_959904
700 _aGil-Gomez, Jesus.
_eauthor.
_959905
700 _aChiva-Bartoll, Oscar.
_eauthor.
_959906
942 _2ddc
_cPER
999 _c21214
_d21214